Statistics for Regnal Years and Houses of English Monarchs

Click here to take the quiz!

General Stats

  • This quiz has been taken 84 times
    (76 since last reset)
  • The average score is 65 of 84

Answer Stats

Answer% Correct
Windsor
100%
Hanover
95%
Tudor
93%
Hanover
93%
Tudor
90%
Tudor
90%
Windsor (Saxe-Coburg Gotha)
88%
Stuart
85%
Hanover
85%
Hanover
85%
Stuart
85%
Stuart
85%
Stuart
83%
Stuart
83%
Windsor
83%
1952 - ongoing
83%
Hanover
83%
Stuart
83%
York
83%
Tudor
83%
Windsor
83%
1837 - 1901
80%
1509 - 1547
80%
1936 - 1952
80%
York
80%
1485 - 1509
80%
Tudor
80%
Tudor
80%
Lancaster
78%
1603 - 1625
78%
Hanover
78%
1910 - 1936
78%
1558 - 1603
78%
1625 - 1649
78%
Lancaster
78%
1649 - 1685
78%
1760 - 1820
78%
York
76%
1820 - 1830
76%
Stuart
76%
Normandy
76%
1422-1461, 1470-1471
76%
1066 - 1087
76%
1714 - 1727
76%
Plantagenet
76%
Plantagenet
76%
1199 - 1216
76%
Plantagenet
76%
Normandy
73%
1727 - 1760
73%
1307 - 1327
73%
Normandy
73%
Saxe-Coburg-Gotha
73%
1100 - 1135
73%
1936 - 1936
73%
1483 - 1485
73%
1689 - 1694
73%
1547 - 1553
73%
1327 - 1377
73%
1901 - 1910
73%
1413 - 1422
73%
1702 - 1714
73%
1087 - 1100
73%
Lancaster
73%
1135 - 1154
71%
1189 - 1199
71%
1154 - 1189
71%
1272 - 1307
71%
1399 - 1413
71%
1377 - 1399
71%
1461 - 1483
71%
1553 - 1554
71%
1554 - 1558
71%
1830 - 1837
71%
1694 - 1702
71%
1483 - 1483
68%
Plantagenet
68%
Plantagenet
68%
Blois
68%
1685 - 1688
68%
1216 - 1272
68%
Anjou
61%
Anjou
59%
Anjou
59%

Score Distribution

Percentile by Number Answered

Percent of People with Each Score

Your Score History

You have not taken this quiz since the last reset